[Event "EU-ch Online 2300+ Final"]
[Site "Chess.com INT"]
[Date "2020.05.30"]
[Round "2"]
[White "Kriebel, Tadeas"]
[Black "Sanduleac, Vasile"]
[Result "0-1"]
[WhiteElo "2515"]
[BlackElo "2432"]
[PlyCount "80"]
[EventDate "2020.05.30"]
[EventType "swiss"]
[EventRounds "8"]
[EventCountry "NET"]
[SourceTitle "CBM 196 Extra"]
[Source "ChessBase"]
[SourceDate "2020.07.31"]
[SourceVersion "1"]
[SourceVersionDate "2020.07.31"]
[SourceQuality "1"]

1. d4 d6 2. e4 Nf6 3. Nc3 g6 4. Bg5 Bg7 5. f4 c6 6. Nf3 Qb6 7. Rb1 Bg4 8. Be2 h6 9. Bxf6 Bxf6 10. e5 Bg7 11. Qd2 Nd7 12. Na4 Qc7 13. 0-0 Rd8 14. Qe3 0-0 15. Bd3 c5 16. dxc5 Bxf3 17. exd6 exd6 18. Qxf3 dxc5 19. Kh1 c4 20. Be4 b5 21. Nc3 Qc5 22. f5 g5 23. Rbd1 Nf6 24. Nd5 Nxd5 25. Bxd5 Bf6 26. Rfe1 Kg7 27. b3 Rd6 28. bxc4 bxc4 29. Be4 Rfd8 30. Rxd6 Rxd6 31. h3 Rd2 32. Rb1 Qd4 33. c3 Qxc3 34. Qxc3 Bxc3 35. Rb7 Rd1+ 36. Kh2 Be5+ 37. g3 Rd2+ 38. Kg1 c3 39. Rb5 c2 40. Bxc2 Bd4+ 0-1

[Event "EU-ch Online 2300+ Qual"]
[Site "Chess.com INT"]
[Date "2020.05.29"]
[Round "8"]
[White "Ioannidis, Evgenios"]
[Black "Kriebel, Tadeas"]
[Result "1-0"]
[WhiteElo "2401"]
[BlackElo "2515"]
[PlyCount "89"]
[EventDate "2020.05.29"]
[EventType "swiss"]
[EventRounds "8"]
[EventCountry "NET"]
[SourceTitle "CBM 196 Extra"]
[Source "ChessBase"]
[SourceDate "2020.07.31"]
[SourceVersion "1"]
[SourceVersionDate "2020.07.31"]
[SourceQuality "1"]

1. d4 Nf6 2. c4 e6 3. Nc3 Bb4 4. g3 d5 5. Bg2 0-0 6. Nf3 dxc4 7. 0-0 c5 8. dxc5 Qxd1 9. Rxd1 Bxc5 10. Ne5 Nbd7 11. Nxc4 Nb6 12. Na5 Ng4 13. Ne4 Bb4 14. Bd2 Bxd2 15. Rxd2 Bd7 16. Nxb7 Rab8 17. Nec5 Bc8 18. Na5 Ne5 19. Rc1 Nd5 20. f4 Nd7 21. Nc6 Ra8 22. Nxd7 Bxd7 23. Ne7+ Kh8 24. Nxd5 exd5 25. Bxd5 Rad8 26. e4 a5 27. Rcd1 Rb8 28. Bxf7 Bg4 29. Bb3 Bxd1 30. Bxd1 Rfd8 31. Rxd8+ Rxd8 32. Bb3 Rd2 33. e5 Rxb2 34. e6 g6 35. Kf1 Rb1+ 36. Kf2 Rb2+ 37. Kf3 Rb1 38. Ke2 Rb2+ 39. Kd3 Rb1 40. Kd2 Rb2+ 41. Kc3 Rxh2 42. Bc4 Rh1 43. Kd2 Rh2+ 44. Ke3 Rh1 45. e7 1-0

[Event "EU-ch Online 2300+ Qual"]
[Site "Chess.com INT"]
[Date "2020.05.29"]
[Round "5"]
[White "Kriebel, Tadeas"]
[Black "Sjugirov, Sanan"]
[Result "1/2-1/2"]
[WhiteElo "2515"]
[BlackElo "2675"]
[PlyCount "94"]
[EventDate "2020.05.29"]
[EventType "swiss"]
[EventRounds "8"]
[EventCountry "NET"]
[SourceTitle "CBM 196 Extra"]
[Source "ChessBase"]
[SourceDate "2020.07.31"]
[SourceVersion "1"]
[SourceVersionDate "2020.07.31"]
[SourceQuality "1"]

1. d4 Nf6 2. c4 e6 3. g3 d5 4. Bg2 Bb4+ 5. Nd2 0-0 6. Ngf3 b6 7. 0-0 Bb7 8. b3 Nbd7 9. Bb2 a5 10. a3 Be7 11. Rc1 c5 12. cxd5 Bxd5 13. Re1 Ne4 14. Nc4 cxd4 15. Nxd4 Bc5 16. Ne3 Bb7 17. Qc2 Rc8 18. Bxe4 Bxd4 19. Qd2 Bxb2 20. Rxc8 Qxc8 21. Bxb7 Qxb7 22. Qxb2 Nf6 23. Rd1 h6 24. f3 Qc6 25. Qc1 Qb5 26. Qc4 Qe5 27. Qd4 Qb5 28. Qc4 Qe5 29. Qd4 Qc7 30. Qc4 Qb8 31. Rc1 Rd8 32. Qc7 Qxc7 33. Rxc7 Rd2 34. Kf2 Rb2 35. Rc8+ Kh7 36. Rc3 Ra2 37. Rc6 b5 38. Rc5 Rxa3 39. Rxb5 a4 40. bxa4 Rxa4 41. Rb7 Kg6 42. Rb5 Ne8 43. h4 h5 44. Rg5+ Kh6 45. Rc5 Nf6 46. Rc7 Kg6 47. Rc5 Kh6 1/2-1/2

[Event "EU-ch Online 2300+ Qual"]
[Site "Chess.com INT"]
[Date "2020.05.29"]
[Round "1"]
[White "Kriebel, Tadeas"]
[Black "Tate, Alan"]
[Result "1-0"]
[WhiteElo "2515"]
[BlackElo "2342"]
[PlyCount "111"]
[EventDate "2020.05.29"]
[EventType "swiss"]
[EventRounds "8"]
[EventCountry "NET"]
[SourceTitle "CBM 196 Extra"]
[Source "ChessBase"]
[SourceDate "2020.07.31"]
[SourceVersion "1"]
[SourceVersionDate "2020.07.31"]
[SourceQuality "1"]

1. d4 d5 2. c4 c6 3. cxd5 cxd5 4. Bf4 Nc6 5. e3 Nf6 6. Nc3 Bf5 7. Qb3 Na5 8. Qa4+ Bd7 9. Qc2 e6 10. Bd3 Nc6 11. Qe2 Be7 12. h3 0-0 13. Nf3 Ne8 14. 0-0 f5 15. Ne5 Bd6 16. Nxc6 Bxc6 17. Bxd6 Nxd6 18. b4 Rc8 19. b5 Bd7 20. Na4 b6 21. Rac1 Qe7 22. Nb2 Ne4 23. Bxe4 fxe4 24. a4 Qb4 25. Rfd1 h6 26. Rxc8 Rxc8 27. Qd2 Qxd2 28. Rxd2 Rc3 29. Kf1 Kf7 30. Ke2 Ke7 31. Kd1 Kd6 32. Rc2 Ra3 33. Kd2 Ra1 34. Rc1 Ra3 35. Rc3 Ra1 36. Rc1 Ra3 37. f3 exf3 38. gxf3 g5 39. h4 gxh4 40. Rh1 a6 41. bxa6 Bxa4 42. Rxh4 Bb5 43. Rxh6 Rxa6 44. e4 dxe4 45. fxe4 Ra3 46. d5 Ke5 47. Rxe6+ Kd4 48. Rxb6 Rb3 49. Kc2 Rb4 50. Re6 Bd7 51. Re7 Bg4 52. d6 Kc5 53. e5 Rd4 54. Kc3 Rd5 55. Nd3+ Kc6 56. Nb4+ 1-0

[Event "Prague Challengers 2nd"]
[Site "Prague"]
[Date "2020.02.19"]
[Round "7"]
[White "Kriebel, Tadeas"]
[Black "Nguyen, Thai Dai Van"]
[Result "1/2-1/2"]
[WhiteElo "2524"]
[BlackElo "2560"]
[PlyCount "72"]
[EventDate "2020.02.12"]
[EventType "tourn"]
[EventRounds "9"]
[EventCountry "CZE"]
[EventCategory "14"]
[SourceTitle "CBM 195"]
[Source "ChessBase"]
[SourceDate "2020.04.30"]
[SourceVersion "1"]
[SourceVersionDate "2020.04.30"]
[SourceQuality "1"]

1. d4 d5 2. c4 e6 3. Nf3 Nf6 4. Nc3 c6 5. cxd5 exd5 6. Bf4 Bd6 7. Bxd6 Qxd6 8. e3 Bf5 9. Bd3 Bxd3 10. Qxd3 0-0 11. 0-0 Nbd7 12. h3 Rfe8 13. Nd2 Re6 14. b4 Rae8 15. b5 c5 16. dxc5 Nxc5 17. Qd4 Rc8 18. Rac1 Ree8 19. Rfd1 Red8 20. Nde4 Nfxe4 21. Nxe4 Nxe4 22. Rxc8 Rxc8 23. Qxe4 dxe4 24. Rxd6 g6 25. Rd7 Rc2 26. a3 Ra2 27. Rxb7 Rxa3 28. Kh2 Kg7 29. Kg3 g5 30. h4 h6 31. Kg4 Kg6 32. h5+ Kf6 33. b6 axb6 34. Rxb6+ Kg7 35. Rb4 Ra5 36. Kg3 Re5 1/2-1/2

[Event "Prague Challengers 2nd"]
[Site "Prague"]
[Date "2020.02.18"]
[Round "6"]
[White "Cernousek, Lukas"]
[Black "Kriebel, Tadeas"]
[Result "1-0"]
[WhiteElo "2442"]
[BlackElo "2524"]
[PlyCount "93"]
[EventDate "2020.02.12"]
[EventType "tourn"]
[EventRounds "9"]
[EventCountry "CZE"]
[EventCategory "14"]
[SourceTitle "CBM 195"]
[Source "ChessBase"]
[SourceDate "2020.04.30"]
[SourceVersion "1"]
[SourceVersionDate "2020.04.30"]
[SourceQuality "1"]

1. e4 e5 2. Nf3 Nc6 3. Nc3 Nf6 4. d4 exd4 5. Nxd4 Nxe4 6. Nxe4 Qe7 7. f3 d5 8. Bb5 Bd7 9. 0-0 dxe4 10. Bxc6 bxc6 11. Re1 0-0-0 12. Rxe4 Qb4 13. Nb3 Qb7 14. Qe2 f5 15. Ra4 c5 16. Ra5 Re8 17. Qf2 c4 18. Rxa7 Re1+ 19. Qxe1 Qxa7+ 20. Be3 Qa4 21. Nd4 Bd6 22. Qd2 Re8 23. a3 Be5 24. Bf4 Bf6 25. c3 h6 26. Re1 Rxe1+ 27. Qxe1 Bxd4+ 28. cxd4 g5 29. Be5 Qc2 30. Qc3 Qd1+ 31. Kf2 Be6 32. h3 Qb1 33. d5 Bxd5 34. Qa5 Qc2+ 35. Kg1 Qd1+ 36. Kh2 Kb7 37. Qb5+ Kc8 38. Qa5 Kb7 39. Qxc7+ Ka6 40. Qd6+ Kb5 41. Qd7+ Kb6 42. Bc7+ Ka6 43. a4 Qd4 44. Qb5+ Ka7 45. Bd6 Qd2 46. Bc5+ Ka8 47. Qa6+ 1-0

[Event "Prague Challengers 2nd"]
[Site "Prague"]
[Date "2020.02.16"]
[Round "5"]
[White "Kriebel, Tadeas"]
[Black "Esipenko, Andrey"]
[Result "0-1"]
[WhiteElo "2524"]
[BlackElo "2654"]
[PlyCount "70"]
[EventDate "2020.02.12"]
[EventType "tourn"]
[EventRounds "9"]
[EventCountry "CZE"]
[EventCategory "14"]
[SourceTitle "CBM 195"]
[Source "ChessBase"]
[SourceDate "2020.04.30"]
[SourceVersion "1"]
[SourceVersionDate "2020.04.30"]
[SourceQuality "1"]

1. d4 Nf6 2. c4 e6 3. g3 d5 4. Bg2 dxc4 5. Nf3 a6 6. Ne5 Bb4+ 7. Nc3 Nd5 8. 0-0 0-0 9. Ne4 b5 10. b3 cxb3 11. axb3 Bb7 12. Nd3 Bc3 13. Bg5 Qe8 14. Rc1 Bxd4 15. Ndc5 Bxc5 16. Nxc5 Bc6 17. e4 Nb6 18. Qc2 h6 19. Be3 a5 20. Nd3 N6d7 21. Qb2 b4 22. Rfd1 e5 23. Nc5 Nf6 24. f3 Bb5 25. Nb7 Nbd7 26. Ra1 Qe6 27. Nxa5 Rfb8 28. Qf2 Ne8 29. Rdc1 Ra6 30. Bf1 Nd6 31. Bxb5 Rxb5 32. Nc6 Rxa1 33. Rxa1 Qxb3 34. Qe2 Qc4 35. Ne7+ Kf8 0-1

[Event "SVK-chT 1920"]
[Site "Slovakia"]
[Date "2020.01.18"]
[Round "5.2"]
[White "Haring, Filip"]
[Black "Kriebel, Tadeas"]
[Result "0-1"]
[WhiteElo "2298"]
[BlackElo "2516"]
[PlyCount "144"]
[EventDate "2019.10.19"]
[EventType "team-tourn"]
[EventRounds "11"]
[EventCountry "SVK"]
[SourceTitle "CBM 194 Extra"]
[Source "ChessBase"]
[SourceDate "2020.03.31"]
[SourceVersion "1"]
[SourceVersionDate "2020.03.31"]
[SourceQuality "1"]
[WhiteTeam "Liptov Chess School"]
[BlackTeam "Humenne Reinter"]
[WhiteTeamCountry "SVK"]
[BlackTeamCountry "SVK"]

1. e4 e5 2. Nf3 Nc6 3. Nc3 Nf6 4. d4 exd4 5. Nxd4 Bb4 6. Nxc6 bxc6 7. Bd3 d5 8. exd5 cxd5 9. 0-0 0-0 10. h3 Be6 11. Qf3 c5 12. Rd1 Qe7 13. Bg5 Bxc3 14. bxc3 h6 15. Be3 c4 16. Bf1 Ne4 17. Bd4 Qc7 18. Qe3 Rfe8 19. Re1 Bd7 20. Qc1 Re6 21. f3 Ng3 22. Rxe6 Bxe6 23. Qe1 Nxf1 24. Kxf1 Bf5 25. Qe5 Qxe5 26. Bxe5 Bxc2 27. Re1 a6 28. Kf2 Bd3 29. g4 Ra7 30. Bd6 Rd7 31. Bb4 d4 32. cxd4 Rxd4 33. Bc3 Rd8 34. Re7 Bb1 35. a3 Rd6 36. Rc7 Ba2 37. Re7 Bb3 38. Re8+ Kh7 39. Re7 Rd3 40. Re3 Rd7 41. h4 f6 42. Re1 h5 43. Re3 Kg6 44. Re4 Rd5 45. Re7 Bd1 46. gxh5+ Rxh5 47. Rc7 Rf5 48. Rxc4 Rxf3+ 49. Kg2 Rd3 50. Rc7 Kh5 51. Bb4 g6 52. Be7 f5 53. Rc4 Re3 54. Bc5 Rb3 55. Be7 Bf3+ 56. Kf2 Be4 57. Ra4 Bd3 58. Rd4 Bb5 59. Bb4 Rh3 60. Be7 Bc6 61. Rd6 Rc3 62. Rd4 Be4 63. Ra4 Kg4 64. Rxa6 f4 65. Bg5 Rc2+ 66. Ke1 f3 67. Ra4 f2+ 68. Kf1 Kf3 69. Rd4 Ra2 70. Bc1 Ra1 71. Rd1 Rxc1 72. Rxc1 Bd3# 0-1